Aplicación informática de control de inventario de producto terminado y facturación para las PYMES de calzado de la zona occidental. Caso práctico distribuidora de calzado americano de la ciudad de Chalchuapa (Registro nro. 21065)

Detalles MARC
000 -CABECERA
Longitud fija campo de control 01485nam a22002537a 4500
003 - IDENTIFICADOR DELl NÚMERO DE CONTROL
Identificador del número de control OSt
005 - FECHA Y HORA DE LA ÚLTIMA TRANSACCIÓN
Fecha y hora de la última transacción 20160620110033.0
008 - CÓDIGOS DE INFORMACIÓN DE LONGITUD FIJA
Códigos de información de longitud fija 150407b2011 slv spa
040 ## - FUENTE DE LA CATALOGACIÓN
Centro transcriptor BMC
082 ## - NÚMERO DE LA CLASIFICACIÓN DECIMAL DEWEY
Númeroo de clasificación 004.21
100 1# - PUNTO DE ACCESO PRINCIPAL-NOMBRE DE PERSONA
9 (RLIN) 34544
Nombre de persona Rivas Monroy, David Ernesto
245 1# - MENCIÓN DE TÍTULO
Título Aplicación informática de control de inventario de producto terminado y facturación para las PYMES de calzado de la zona occidental. Caso práctico distribuidora de calzado americano de la ciudad de Chalchuapa
Resto del título : Informe final de proyecto de graduación
Mención de responsabilidad, etc. David Ernesto Rivas Monroy, Mauricio Antonio Padilla Vásquez, Oscar René Guevara Martinez ; asesor, Marvin Iván Pérez Espinoza
260 ## - PUBLICACIÓN, DISTRIBUCIÓN, ETC. (PIE DE IMPRENTA)
Lugar de publicación, distribución, etc. Santa Ana (El Salvador)
Nombre del editor, distribuidor, etc. Universidad Católica de El Salvador
Fecha de publicación, distribución, etc. 2011
300 ## - DESCRIPCIÓN FÍSICA
Extensión 1 v. (pág. var.)
Otras características físicas il. col.
Dimensiones 27 cm
Material anejo + 2 discos compactos
500 ## - NOTA GENERAL
Nota general Precede al tít.: Universidad Católica de El Salvador, Facultad de Ciencias Empresariales
500 ## - NOTA GENERAL
Nota general Tomo 1 CD No.1032056 (Informe final) Tomo 2 CD No. 1032059 (Instalación)
502 ## - NOTA DE TESIS
Nota de tesis Trabajo de graduación para optar al grado académico de Licenciatura en Sistemas Informáticos Administrativos
650 24 - PUNTO DE ACCESO ADICIONAL DE MATERIA - TÉRMINO DE MATERIA
9 (RLIN) 1736
Término de materia o nombre geográfico como elemento inicial Administración de sistemas de información
700 1# - PUNTO DE ACCESO ADICIONAL - NOMBRE DE PERSONA
9 (RLIN) 34545
Nombre de persona Padilla Vásquez, Mauricio Antonio
700 1# - PUNTO DE ACCESO ADICIONAL - NOMBRE DE PERSONA
9 (RLIN) 34546
Nombre de persona Guevara Martínez, Oscar René
700 1# - PUNTO DE ACCESO ADICIONAL - NOMBRE DE PERSONA
9 (RLIN) 33680
Nombre de persona Pérez Espinoza, Marvin Iván
710 2# - PUNTO DE ACCESO ADICIONAL - NOMBRE DE ENTIDAD
9 (RLIN) 1067
Nombre de entidad o nombre de jurisdicción como elemento inicial Universidad Católica de El Salvador
Unidad subordinada Facultad de Ciencias Empresariales
942 ## - ENTRADA DE ELEMENTOS AGREGADOS (KOHA)
Fuente de clasificaión o esquema Dewey Decimal Classification
Koha [por defecto] tipo de item 4- Trabajo de Graduación
Existencias
Suprimido Perdido Fuente de clasificación o esquema Estropeado Restricciones de uso No para préstamo Código de colección Localización permanente Localización actual Localización en estanter&íacute;as Fecha adquisición Fuente de adquisición Número de inventario Préstamos totales Signatura completa Código de barras Fecha última consulta Fecha del precio de reemplazo Tipo de item de Koha
NULL NULL Dewey Decimal Classification NULL Prestable NULL NULL Biblioteca Miguel de Cervantes - UNICAES Biblioteca Miguel de Cervantes - UNICAES Sala Principal 23/06/2015 Donación - David Ernesto Rivas Monroy, Mauricio Antonio Padilla Vásquez, Oscar René Guevara Martínez 000785   P-000785 1032056 23/06/2015 23/06/2015 4- Trabajo de Graduación
NULL NULL Dewey Decimal Classification NULL Prestable NULL NULL Biblioteca Miguel de Cervantes - UNICAES Biblioteca Miguel de Cervantes - UNICAES Sala Principal 23/06/2015 Donación - David Ernesto Rivas Monroy, Mauricio Antonio Padilla Vásquez, Oscar René Guevara Martínez 000786   P-000786 1032059 23/06/2015 23/06/2015 4- Trabajo de Graduación